<?xml version="1.0" encoding="UTF-8"?>
<record
    xmlns:xsi="http://www.w3.org/2001/XMLSchema-instance"
    xsi:schemaLocation="http://www.loc.gov/MARC21/slim http://www.loc.gov/standards/marcxml/schema/MARC21slim.xsd"
    xmlns="http://www.loc.gov/MARC21/slim">

  <leader>01283nam a22001217a 4500</leader>
  <controlfield tag="005">20240726133002.0</controlfield>
  <controlfield tag="008">240725b           ||||| |||| 00| 0 eng d</controlfield>
  <datafield tag="020" ind1=" " ind2=" ">
    <subfield code="a">9780826493675</subfield>
  </datafield>
  <datafield tag="245" ind1=" " ind2=" ">
    <subfield code="a">The teaching assistants' guide to literacy/</subfield>
    <subfield code="c">Susan Elkin</subfield>
  </datafield>
  <datafield tag="300" ind1=" " ind2=" ">
    <subfield code="a">vii,112 p,:</subfield>
    <subfield code="c">20cm.</subfield>
  </datafield>
  <datafield tag="505" ind1=" " ind2=" ">
    <subfield code="a">A bit of background : What do we mean by literacy --- Aspects of literacy -- The national curriculum and the national strategies -- Before literacy: Foundation stage and key stage 1 -- After key stage one -- After key stage 2 Doing the job -- Learning to read : Old phonics -- Look and say -- Initial teaching alphabet -- Real books -- Writing : Early drawing -- Shaping letters -- Progressing a pen to a pen or pencil -- teaching methods -- Developing real readers: -- Speaking and listening: The chance to talk -- Open questions Circle time -- Speaking and listening activities with small groups -- Wider literacy: Examples of literacy work in other subjects -- Role of drama and poetry -- literacy activities across the the curriculum -- External literacy projects -- More resources : Further background information about literacy -- Reception and key stage 1 resources -- key stage 1 resources -- Key stage 2 resources -- Key stage 3 resources -- Useful contacts.</subfield>
  </datafield>
  <datafield tag="942" ind1=" " ind2=" ">
    <subfield code="2">lcc</subfield>
    <subfield code="c">BK</subfield>
  </datafield>
  <datafield tag="999" ind1=" " ind2=" ">
    <subfield code="c">10357</subfield>
    <subfield code="d">17857</subfield>
  </datafield>
  <datafield tag="952" ind1=" " ind2=" ">
    <subfield code="0">0</subfield>
    <subfield code="1">0</subfield>
    <subfield code="2">lcc</subfield>
    <subfield code="4">0</subfield>
    <subfield code="7">0</subfield>
    <subfield code="a">WIUC-1</subfield>
    <subfield code="b">WIUC-1</subfield>
    <subfield code="c">REF</subfield>
    <subfield code="d">2024-07-25</subfield>
    <subfield code="l">0</subfield>
    <subfield code="o">LB1576.E424</subfield>
    <subfield code="p">9771/472/24 </subfield>
    <subfield code="r">2024-07-25 00:00:00</subfield>
    <subfield code="t">1</subfield>
    <subfield code="w">2024-07-25</subfield>
    <subfield code="y">REF</subfield>
  </datafield>
  <datafield tag="952" ind1=" " ind2=" ">
    <subfield code="0">0</subfield>
    <subfield code="1">0</subfield>
    <subfield code="2">lcc</subfield>
    <subfield code="4">0</subfield>
    <subfield code="7">0</subfield>
    <subfield code="a">WIUC-1</subfield>
    <subfield code="b">WIUC-1</subfield>
    <subfield code="c">REF</subfield>
    <subfield code="d">2024-07-25</subfield>
    <subfield code="l">0</subfield>
    <subfield code="o">LB1576.E4241</subfield>
    <subfield code="p">9772/473/24</subfield>
    <subfield code="r">2024-07-25 00:00:00</subfield>
    <subfield code="t">2</subfield>
    <subfield code="w">2024-07-25</subfield>
    <subfield code="y">REF</subfield>
  </datafield>
</record>
